Maat, joissa jääkiekko on suosituin urheilulaji - Statistics

Yleistilastot
  • Tätä visaa on pelattu 1 063 kertaa
  • Keskiarvotulos 4 / 5
Vastaustilastot
Maanosa Maa % Oikein
Eurooppa Suomi
100%
Pohjois-Amerikka Kanada
98%
Eurooppa Slovakia
69%
Eurooppa Latvia
59%
Eurooppa Itävalta
38%
Ehtoja vastaavia visoja ei löytynyt
Tulosjakauma
Jokaisen tuloksen saaneiden osuus
Persentiili vastausten määrän mukaan
Tuloshistoriasi
Et ole pelannut tätä visaa